00850 a2200277 45000010005000000030035000050050017000400080041000570200022000980400044001200800010001640820010001740900040001841000031002242400032002552600053002873000009003403620011003496500014003606500024003746500018003986500026004169520097004422450018005399990015005578947Complexo Educacional Contemporaneo20230919130203.0201026s2011 r por d a978-85-61596-14-9 aComplexo Educacional Contemporaneobpor a087.5 a087.5 a087.5 F992abAPdCoisa da Criança aFurtado, Mario Eustáquio10aAna e meu pailPortuguês  aLondrinabMEF Distribuidora de livros LTDAc2011 a16p.0 a(2011) 4aFamília 4aLiteratura Infantil 4aPouca Leitura 4aRelações Sociais  00102udc4070a46.4b46.4d2020-10-26l0p001619r2023-09-19 13:02:03t1w2023-09-19yBKu10aAna e meu pai c8947d8947